000
00351nam a22001217a 4500
082
_a
332.095957021 SBP
100
_a
State Bank of Pakistan
245
_a
Research Bulletin 2005
_c
State Bank of Pakistan
260
_a
Karachi
_b
State Bank of Pakistan
_c
2005
300
_a
84p
942
_2
ddc
_c
BK
999
_c
586088
_d
586088